000 00427nam a2200181Ia 4500
003 GCL
008 140319s9999 xx 000 0 eng d
040 _aGCL /
_cGCL
082 0 4 _a759
_bS P
100 1 _aSCHAPIRO, MEYER
245 1 0 _aPAUL CEZANNE /
_cSCHAPIRO, MEYER
260 _a[S.N] :
_bTHAMES AND HUDSON ،
_c1988
300 _a128
650 0 4 _aARTS
650 0 4 _aPAINTING
650 0 4 _aPAINTERS
942 _2ddc
_cBK
999 _c18775
_d18775